|
|
|
|
| LEADER |
00000nab a2200000 a 4500 |
| 001 |
vtls000486052 |
| 003 |
SK-MaSNL |
| 005 |
20260304035013.0 |
| 008 |
120927c1993 xo 0 slo |
| 015 |
|
|
|a SNBRB19rr/mm-uuuuu
|
| 035 |
|
|
|a CL0486189
|
| 040 |
|
|
|a SNKBUCL
|b slo
|c SNKBUCL
|e AACR2
|
| 041 |
0 |
|
|a slo
|
| 044 |
|
|
|a xo
|c SK
|
| 080 |
|
|
|a 634:632.937
|2 1981
|
| 080 |
|
|
|a 632.937
|2 1981
|
| 100 |
1 |
|
|a Mačuhová, Helena
|4 aut
|9 627799
|
| 245 |
1 |
0 |
|a Využitie parazitických nematód v biologickej ochrane ovocných plodín
|c Helena Mačuhová, Helena Kozmenko
|
| 300 |
|
|
|b Obr. 1, tab. 2
|
| 650 |
0 |
7 |
|a ovocinárstvo
|2 snkbucl
|9 16370
|
| 650 |
0 |
7 |
|a biologická ochrana rastlín
|2 snkbucl
|9 224755
|
| 650 |
0 |
7 |
|a parazitické nematódy
|2 snkbucl
|9 1318461
|
| 655 |
|
7 |
|a články z novín a časopisov
|2 snkbucl
|9 267496
|
| 700 |
1 |
|
|a Kozmenko, Helena
|4 aut
|9 449126
|
| 773 |
0 |
|
|t Záhradníctvo
|g Roč. 18, č. 6 (1993), s. 215-216
|x 0139-9470
|
| 850 |
|
|
|a Slovenská národná knižnica v Martine
|a MTA001
|
| 852 |
|
|
|a SNK
|b KIS3GCP
|
| 958 |
|
|
|a RK
|
| 992 |
|
|
|a RBX
|
| 999 |
|
|
|c 2655843
|d 2657773
|